ბათუმის შოთა რუსთაველის სახელმწიფო უნივერსიტეტის ბიბლიოთეკა

ჩანაწერი Personal Name

ჩანაწერთა რაოდენობა, რომელიც გამოყენებულია: 1

001 - CONTROL NUMBER

  • control field: 8901

003 - CONTROL NUMBER IDENTIFIER

  • control field: GE_BSU

005 - DATE AND TIME OF LATEST TRANSACTION

  • control field: 20200630124431.0

008 - FIXED-LENGTH DATA ELEMENTS

  • fixed length control field: 200630|| aca||aabn | a|a d

040 ## - CATALOGING SOURCE

  • Original cataloging agency: GE_BSU
  • Transcribing agency: GE_BSU

100 ## - HEADING--PERSONAL NAME

  • Personal name: Mardešić, S.
  • Fuller form of name: (Sibe),
  • Dates associated with a name: 1927-

670 ## - SOURCE DATA FOUND

  • Source citation: Work cat.: (GE_BSU)0: Mardešić, S. (Sibe), 1927-, Shape theory :, 1982.